1810 1784 1576 1656 1364 1848 1639 1463 1287 1040 1988 1327 1540 1449 1863 1059 1374 1687 1722 1845 1535 1203 1896 1875 1148 1434 1125 1269 1009 1737 1427 1545 1640 1751 1575 1449 1287 1283 1318 1366 1073 1603 1561 1865 1590 1443 1399 1818 1219 1401 1163 1904 1502 1634 1345 1288 1800 1618 1763 1932 1084 1369 1362 1522 1755 1375 1772 1368 1465 1094 1001 1229 1273 1162 1329 1388 1469 1896 1946 1412 1339 1618 1064 1385 1989 1340 1863 1792 1416 1172 1048 1157 1319 1347 1470 1965 1546 1921 1569 BCNSPRNW ULIB Ver.6.0+V

เปลี่ยนเป็นภาษาไทย

Change to English
 แสดงรายละเอียดบรรณานุกรม
  กลับหน้าหลัก

Brief Record : Get Marc (ISO 2709) : E-mail record : QR code < ปิดหน้าต่าง
LEADER : 00000nam 2200000uu 4500
001    13399114500
003     ULIB
008    120410s2010||||th 000 0 eng d
020    ^a9780071606387
060 04 ^aWY154^bT329C
100 1  ^aCynthia Lee Terry.&Aurora Weaver
245 10 ^aCritical care nursing /^cCynthia Lee Terry.&Aurora Weaver
260    ^aNew York. :^bMc Graw Hill Medical,^c2010.
300    ^a479 p. :^bcol. ill. ;^c28 cm.
650  0 ^aCritical Care nursing
700    ^aAurora Weaver
945    ^p0^l0^i031621
995    ^aKesorn
999    ^aใช้งานได้ทุกระบบ
รายการนี้ยังไม่มีแท็ก
คุณยังไม่ได้ล็อกอิน คุณสามารถมีกิจกรรมร่วมกับเว็บไซต์ได้ แต่ต้องล็อกอินก่อน ::
  ล็อกอิน

รายการสื่อสารสนเทศ

ลำดับที่ ประเภท เลขเรียก/บาร์โค้ด สถานที่ สถานะ
- ไม่พบข้อมูล -

รายการใกล้เคียง
    หัวเรื่อง [Critical Care nursing]

BibComment


ยังไม่เคยถูกคอมเมนท์

คอมเมนท์ทรัพยากรรายการนี้
  คอมเมนท์: Critical care nu..


 Copyright 2026. Bcnsprnw @Library